000 01812nam a22002777a 4500
001 15443
003 BD-RjUL
005 20211208235822.0
008 140210r20132000ii ||||| |||| 00| 0 ben d
020 _a978818680692X
_c: IRs. 260.00
035 _a(BD-RjUL)15497
040 _aBD-RjUL
_bben
_cBD-RjUL
_dBD-RjUL
041 _aben
082 _a491.443
_bSAM 2013
245 _aসংসদ বাংলা অভিধান /
_c শৈলেন্দ্র বিশ্বাস কর্তৃক সংকলিত; শশিভূষণ দাশগুপ্ত কর্তৃক দ্বিতীয় সংস্করণ পর্যন্ত সংশোধিত ; দীনেশচন্দ্র ভট্রাচার্য কর্তৃক তৃতীয় ও চতুর্থ সংস্করণ সংশোধিত এবং সুভাস ভট্রাচার্য কর্তৃক পঞ্চম সংস্করণ সংশোধিত ও পরিবর্ধিত
250 _a৫ম সং. , নতুন সং.
260 _aকলকাতা :
_bশিশু সাহিত্য সংসদ প্রা লি.
_c২০০০ [মুদ্রণ ২০১৩]
300 _a[২৪], ৯৪৭ পৃ: ;
_c২২ সেমি.
650 _aবাংলা ভাষা
_947967
_vঅভিধান
650 _aBengali Language
_vDictionaries
_9173986
700 _aবিশ্বাস, শৈলেন্দ্র, সংকলক
_947968
700 _aদাশগুপ্ত, শশিভূষণ , সংশো.
_947969
700 _aভট্রাচার্য, দীনেশচন্দ্র, সংশো.
_947970
700 _aভট্রাচার্য, সুভাস, সংশো.
_947971
942 _2ddc
_cREF
999 _c15443
_d15443